00350nam a2200133Ia 45000010005000000080041000050200022000460820023000681000032000912450027001232600023001509010028001739990015002013921241024s9999 xx 000 0 und d a978-9945-465-16-7 aRD/863.97293/G216m aObdulia García de Escobar 0aMiguelito, Gigi y Titi bEdiciones CPc2013 a29/1/2015 12:14:03 p.m. c7775d7775